| 000 | 01069nam a22003017a 4500 | ||
|---|---|---|---|
| 003 | CHAP | ||
| 005 | 20220329135234.0 | ||
| 008 | 971013s1972 r 00010 d | ||
| 010 | _a33115 | ||
| 011 | _a34087 | ||
| 035 | _a38203 | ||
| 040 | _cCHAP | ||
| 082 |
_a336.2 _bN6Y |
||
| 100 | 0 | 0 |
_aNowak, Norman D. _982065 |
| 245 | _aTeoría y práctica de la administración fiscal ; proyecto de modernización del Servicio de Impuestos de Chile | ||
| 260 |
_aBuenos Aires : _bAmorrortu, _c(1972) |
||
| 300 | _a231 p. | ||
| 590 |
_aBATCH-UPD _b10 _c20130110 _lUCH01 _h0008 |
||
| 590 |
_aCONVERSION _b10 _c20130109 _lUCH01 _h1319 |
||
| 650 | 1 | 4 |
_aImpuestos _xChile. _957498 |
| 901 | _aBK | ||
| 942 | _cLIBRO | ||
| 949 |
_a336.2 N6Y _bBC _cBPA _d-87322 _eBPA _fc.3 _h32712 _i38203 _si |
||
| 949 |
_a336.2 N6Y _bBC _cBPA _d-87323 _eBPA _fc.4 _h32713 _i38203 _si |
||
| 949 |
_a336.2 N6Y _bBC _cBPA _d-87324 _eBPA _fc.5 _h32714 _i38203 _si |
||
| 949 |
_a336.2 N6Y _bBC _cLIBRO _d33724000351961 _eLIBRO _h17866 _i38203 _si |
||
| 949 |
_a336.2 N6Y _bBC _cLIBRO _d33724000352084 _eLIBRO _fc.2 _h32711 _i38203 _si |
||
| 999 |
_c33115 _d33115 |
||